Moto2 World Champions - Statistics

General Stats
  • This quiz has been taken 33 times
    9 since last reset
  • The average score is 15 of 16
Answer Stats
Year Nationality Answer % Correct
2024 Japanese Ai Ogura
100%
2019 Spanish Alex Marquez
100%
2025 Brazilian Diogo Moreira
100%
2020 Italian Enea Bastianini
100%
2018 Italian Francesco Bagnaia
100%
2017 Italian Franco Morbidelli
100%
2016 French Johann Zarco
100%
2015 French Johann Zarco
100%
2012 Spanish Marc Marquez
100%
2023 Spanish Pedro Acosta
100%
2022 Spanish Augusto Fernandez
86%
2013 Spanish Pol Espargaro
86%
2021 Australian Remy Gardner
86%
2011 German Stefan Bradl
71%
2010 Spanish Toni Elias
71%
2014 Spanish Tito Rabat
57%
No matching quizzes found
Score Distribution
Percent of People with Each Score
Percentile by Number Answered
Your Score History
You have not taken this quiz since the last reset